00611cam a22002057a 4500003000500000005001700005008004100022010001000063011001000073035001000083040000900093100002400102245003900126260008100165300001000246490006000256650001500316650001400331830006000345CHAP20220329141349.0971013s1979 r 00010 d a67063 a68035 a77507 cCHAP00aBautista, Raymundo. 0aProblemas matriciales y àlgebras aMéxico :bUNAM. Facultad de Ciencias. Departamento de Matemáticas,c1979 a14 p. 0aComunicación interna. Matemática en provinciav; 1414aÁlgebra.14aMatrices.0 aComunicación interna. Matemática en provinciav; 14